[Event "FIDE Grand Swiss Tournament 2019"]
[Site "Douglas ENG"]
[Date "2019.10.21"]
[Round "11"]
[White "Harikrishna, Pentala"]
[Black "Leko, Peter"]
[Result "1/2-1/2"]
[WhiteElo "2748"]
[BlackElo "2670"]
[PlyCount "75"]
[EventDate "2019.??.??"]

1. d4 Nf6 2. c4 e6 3. Nf3 d5 4. g3 Bb4+ 5. Bd2 Be7 6. Bg2 O-O 7. O-O c6 8. Qc2
Nbd7 9. Rc1 a5 10. a4 Ne4 11. Nc3 Nxd2 12. Nxd2 Nb8 13. Rd1 Na6 14. Qb3 Nb4 15.
Na2 Nxa2 16. Qxa2 Qb6 17. Nf3 Rd8 18. Rac1 dxc4 19. e3 Bd7 20. Ne5 Be8 21. Nxc4
Qa7 22. Qb3 Rac8 23. Ne5 Bd6 24. Nd3 Be7 25. Rc3 Rc7 26. Rdc1 Rdc8 27. Bf3 Rd8
28. Kg2 Bf6 29. h4 Be7 30. h5 h6 31. Rc4 Bd6 32. R4c2 Re7 33. Qc3 Qb6 34. Be4
Rc8 35. b3 Qd8 36. Qb2 Rec7 37. Rc4 Qe7 38. Qd2 1/2-1/2

[Event "FIDE Grand Swiss Tournament 2019"]
[Site "Douglas ENG"]
[Date "2019.10.21"]
[Round "11"]
[White "Maghsoodloo, Parham"]
[Black "Wojtaszek, Radoslaw"]
[Result "1/2-1/2"]
[WhiteElo "2664"]
[BlackElo "2748"]
[PlyCount "65"]
[EventDate "2019.??.??"]

1. e4 c5 2. Nf3 d6 3. d4 cxd4 4. Nxd4 Nf6 5. Nc3 a6 6. Be2 e5 7. Nf3 Be7 8. O-O
O-O 9. Bg5 Be6 10. Bxf6 Bxf6 11. Nd5 Nd7 12. Bc4 Rc8 13. Qe2 b5 14. Bb3 Nb6 15.
Rfd1 Nxd5 16. Bxd5 Qb6 17. Rd3 Be7 18. c3 a5 19. a3 Rc5 20. Qe3 Bxd5 21. Rxd5
Rfc8 22. g3 g6 23. Kg2 Qb7 24. Rad1 Kg7 25. h4 h5 26. R1d3 b4 27. Rxc5 Rxc5 28.
cxb4 axb4 29. Rb3 Rc4 30. Nd2 d5 31. Nxc4 dxc4 32. Rxb4 Bxb4 33. axb4 1/2-1/2

[Event "FIDE Grand Swiss Tournament 2019"]
[Site "Douglas ENG"]
[Date "2019.10.21"]
[Round "11"]
[White "Melkumyan, Hrant"]
[Black "Svidler, Peter"]
[Result "1/2-1/2"]
[WhiteElo "2650"]
[BlackElo "2729"]
[PlyCount "60"]
[EventDate "2019.??.??"]

1. d4 Nf6 2. c4 g6 3. Nc3 d5 4. Nf3 Bg7 5. cxd5 Nxd5 6. e4 Nxc3 7. bxc3 c5 8.
Be3 Qa5 9. Qd2 O-O 10. Rc1 Rd8 11. h4 cxd4 12. cxd4 Qxd2+ 13. Bxd2 Bg4 14. d5
Na6 15. Bb5 Rac8 16. Rxc8 Bxc8 17. Bxa6 bxa6 18. Bb4 Rd7 19. O-O f5 20. e5 Rxd5
21. Rc1 Bb7 22. Bxe7 Bxe5 23. Nxe5 Rxe5 24. Rc7 Bd5 25. a3 Re1+ 26. Kh2 Re2 27.
Kg1 Re1+ 28. Kh2 Re2 29. Kg1 Re1+ 30. Kh2 Re2 1/2-1/2

[Event "FIDE Grand Swiss Tournament 2019"]
[Site "Douglas ENG"]
[Date "2019.10.21"]
[Round "11"]
[White "Vidit, Santosh Gujrathi"]
[Black "Deac, Bogdan-Daniel"]
[Result "1-0"]
[WhiteElo "2718"]
[BlackElo "2613"]
[PlyCount "139"]
[EventDate "2019.??.??"]

1. d4 Nf6 2. c4 e6 3. Nf3 d5 4. Nc3 Bb4 5. Qa4+ Nc6 6. e3 O-O 7. Qc2 b6 8. Bd2
Bb7 9. cxd5 exd5 10. a3 Bd6 11. Nb5 Be7 12. Bd3 a6 13. Nc3 Bd6 14. O-O Ne7 15.
Na4 a5 16. Nc3 Ba6 17. Bxa6 Rxa6 18. Nb5 Ne4 19. Rfc1 c6 20. Nxd6 Qxd6 21. Be1
Rc8 22. a4 Qe6 23. Qe2 Ra7 24. Ra3 c5 25. dxc5 bxc5 26. Rb3 c4 27. Rb5 Nd6 28.
Nd4 Qd7 29. Rb6 Raa8 30. Nb5 Ne4 31. Bc3 Qd8 32. Rb7 Nc5 33. Qg4 Ng6 34. Ra7
Rxa7 35. Nxa7 Ra8 36. Nc6 Qd6 37. Nd4 f6 38. Nf5 Qc7 39. Rd1 Rd8 40. h4 Ne5 41.
Bxe5 fxe5 42. Rxd5 Rxd5 43. Qxc4 Qf7 44. Qxd5 Qxd5 45. Ne7+ Kf7 46. Nxd5 Nxa4
47. b4 Ke6 48. e4 axb4 49. Nxb4 Nc3 50. f3 Ne2+ 51. Kf2 Nf4 52. g3 Ng6 53. Ke3
Ne7 54. Kd3 Nc8 55. Kc3 Nd6 56. Nc2 Ne8 57. Ne3 Nf6 58. g4 Nd7 59. Kb4 h6 60.
Kb5 Nf8 61. Kc6 Ng6 62. Nf5 Kf6 63. Kd6 Nf4 64. Ne3 Nd3 65. Nc4 g6 66. Nb6 Ne1
67. Nd7+ Kg7 68. Nxe5 Ng2 69. Ke7 h5 70. g5 1-0

[Event "FIDE Grand Swiss Tournament 2019"]
[Site "Douglas ENG"]
[Date "2019.10.21"]
[Round "11"]
[White "Matlakov, Maxim"]
[Black "Nguyen, Ngoc Truong Son"]
[Result "1/2-1/2"]
[WhiteElo "2716"]
[BlackElo "2638"]
[PlyCount "91"]
[EventDate "2019.??.??"]

1. e4 e5 2. Nf3 Nc6 3. Bc4 Bc5 4. O-O Nf6 5. d3 d6 6. c3 a6 7. Re1 Ba7 8. Bb3
h6 9. Nbd2 O-O 10. h3 Na5 11. Bc2 c5 12. Nf1 Be6 13. N3h2 d5 14. exd5 Qxd5 15.
Qf3 Bb8 16. Qg3 Nh5 17. Qh4 Nf4 18. Bxf4 exf4 19. Nf3 Bf5 20. N1h2 Bc7 21. Qh5
Be4 22. Ne5 Bg6 23. Qf3 Qxf3 24. Nhxf3 Bf5 25. b4 cxb4 26. cxb4 Nc6 27. Nxc6
bxc6 28. Nd4 Bd7 29. Ba4 Rad8 30. Rac1 Bd6 31. Nxc6 Bxc6 32. Rxc6 Bxb4 33. Re4
a5 34. Bb5 Rfe8 35. Rcc4 Rxe4 36. Rxe4 g5 37. Kf1 Rd6 38. Bc4 Rd7 39. Ke2 Re7
40. Kf3 Rxe4 41. Kxe4 Be1 42. f3 Kf8 43. d4 Ke7 44. Kd5 Bf2 45. a4 f6 46. Bd3
1/2-1/2

[Event "FIDE Grand Swiss Tournament 2019"]
[Site "Douglas ENG"]
[Date "2019.10.21"]
[Round "11"]
[White "Abasov, Nijat"]
[Black "Xiong, Jeffery"]
[Result "1/2-1/2"]
[WhiteElo "2632"]
[BlackElo "2708"]
[PlyCount "61"]
[EventDate "2019.??.??"]

1. Nf3 d5 2. d4 Nf6 3. c4 dxc4 4. e3 a6 5. a4 e6 6. Bxc4 c5 7. O-O Nc6 8. Nc3
Qc7 9. Qe2 Bd6 10. Rd1 O-O 11. h3 h6 12. dxc5 Bxc5 13. e4 Nd7 14. Be3 b6 15.
Qd2 Bxe3 16. Qxe3 Bb7 17. Rac1 Nc5 18. Bf1 Nb3 19. Nd5 exd5 20. Qxb3 dxe4 21.
Nd4 Nxd4 22. Rxc7 Nxb3 23. Rxb7 Nc5 24. Rxb6 Nxa4 25. Rb4 Nc5 26. Rd5 Rfc8 27.
Rc4 Ne6 28. Re5 Rcb8 29. b4 Rb6 30. Rcxe4 Rab8 31. Ra5 1/2-1/2

[Event "FIDE Grand Swiss Tournament 2019"]
[Site "Douglas ENG"]
[Date "2019.10.21"]
[Round "11"]
[White "Oparin, Grigoriy"]
[Black "Amin, Bassem"]
[Result "1-0"]
[WhiteElo "2654"]
[BlackElo "2699"]
[PlyCount "53"]
[EventDate "2019.??.??"]

1. e4 e5 2. Nf3 Nc6 3. Bb5 a6 4. Ba4 Nf6 5. O-O Be7 6. Re1 b5 7. Bb3 d6 8. c3
O-O 9. h3 Nb8 10. d4 Nbd7 11. c4 c6 12. Nc3 b4 13. Ne2 Nxe4 14. Qc2 Nef6 15.
Ng3 c5 16. dxe5 Nxe5 17. Nxe5 dxe5 18. Rxe5 Bd6 19. Re2 Qc7 20. Bg5 Bxg3 21.
fxg3 Qxg3 22. Bxf6 gxf6 23. Rf1 Qg6 24. Re3 Qxc2 25. Bxc2 Be6 26. Rg3+ Kh8 27.
Bxh7 1-0

[Event "FIDE Grand Swiss Tournament 2019"]
[Site "Douglas ENG"]
[Date "2019.10.21"]
[Round "11"]
[White "Paravyan, David"]
[Black "Le, Quang Liem"]
[Result "1/2-1/2"]
[WhiteElo "2602"]
[BlackElo "2708"]
[PlyCount "161"]
[EventDate "2019.10.10"]

1. e4 c5 2. Nf3 Nc6 3. Bb5 g6 4. O-O Bg7 5. c3 Nf6 6. Re1 O-O 7. d4 d5 8. e5
Ne4 9. Bxc6 bxc6 10. Be3 Qb6 11. Qc1 cxd4 12. cxd4 Bf5 13. Nh4 Rac8 14. Nxf5
gxf5 15. Nc3 Rfd8 16. f3 c5 17. dxc5 Nxc5 18. Na4 Qb5 19. Nxc5 d4 20. Bh6 Bxh6
21. Qxh6 Qxc5 22. Qg5+ Kh8 23. Rac1 Qb4 24. a3 Rxc1 25. Qxc1 Qb6 26. b4 d3+ 27.
Qc5 Qe6 28. Rd1 f6 29. Qc3 Qb6+ 30. Kf1 Qe3 31. Re1 Qb6 32. Rd1 Qa6 33. exf6
exf6 34. Rd2 Qd6 35. Kf2 Kg7 36. Qc5 Qd7 37. Qe3 Kg6 38. g3 a6 39. Kg2 Qc6 40.
Kf2 Qc3 41. g4 fxg4 42. fxg4 Kf7 43. h3 Rd7 44. a4 Qc4 45. Kf3 Rd4 46. b5 a5
47. Qh6 Qd5+ 48. Kf2 Qe4 49. Qe3 Qd5 50. Qh6 Ke6 51. Qe3+ Kd7 52. Qf3 Qd6 53.
Kg2 Kc7 54. Qa8 Rxa4 55. Qa7+ Kd8 56. Qa8+ Ke7 57. Qg8 Rd4 58. Qxh7+ Kd8 59.
Qb7 a4 60. Qa8+ Kd7 61. Qb7+ Kd8 62. Qa8+ Ke7 63. Qb7+ Qd7 64. Qxd7+ Rxd7 65.
Kf3 a3 66. Ke3 Kd8 67. h4 Kc7 68. g5 fxg5 69. hxg5 Kb6 70. g6 Kxb5 71. Rxd3 Ra7
72. Kf4 a2 73. Rd1 a1=Q 74. Rxa1 Rxa1 75. Kf5 Kc6 76. g7 Rg1 77. Kf6 Kd7 78.
Kf7 Rf1+ 79. Kg6 Rg1+ 80. Kf7 Rxg7+ 81. Kxg7 1/2-1/2

[Event "FIDE Grand Swiss Tournament 2019"]
[Site "Douglas ENG"]
[Date "2019.10.10"]
[Round "1"]
[White "Christiansen, Johan-Sebastian"]
[Black "Alekseenko, Kirill"]
[Result "1/2-1/2"]
[WhiteElo "2558"]
[BlackElo "2674"]
[PlyCount "35"]
[EventDate "2019.10.10"]

1. Nf3 d5 2. d4 Nf6 3. c4 e6 4. Nc3 Be7 5. Bf4 O-O 6. e3 c5 7. dxc5 Bxc5 8. a3
Nc6 9. Qc2 Qa5 10. Rd1 Re8 11. Nd2 e5 12. Bg5 Nd4 13. Qc1 Bf5 14. Bxf6 Nc2+ 15.
Ke2 Nd4+ 16. Ke1 Nc2+ 17. Ke2 Nd4+ 18. Ke1 1/2-1/2

[Event "FIDE Grand Swiss Tournament 2019"]
[Site "Douglas ENG"]
[Date "2019.10.11"]
[Round "2"]
[White "Alekseenko, Kirill"]
[Black "Hess, Robert"]
[Result "1-0"]
[WhiteElo "2674"]
[BlackElo "2581"]
[PlyCount "73"]
[EventDate "2019.10.10"]

1. e4 c6 2. d4 d5 3. exd5 cxd5 4. Bd3 Nc6 5. c3 Nf6 6. h3 g6 7. Nf3 Bf5 8. Be2
Bg7 9. O-O O-O 10. Bf4 Qb6 11. Qb3 Qxb3 12. axb3 Nd7 13. b4 e5 14. dxe5 Ncxe5
15. Rd1 Nxf3+ 16. Bxf3 Nb6 17. Nd2 d4 18. c4 Bc2 19. Rf1 d3 20. Bxb7 Rad8 21.
c5 Na4 22. b3 Nc3 23. Bg5 Rb8 24. c6 Nd5 25. Rxa7 Bd4 26. Ra5 Nxb4 27. Rb5 Na2
28. c7 Nc3 29. cxb8=Q Rxb8 30. Rb4 Ne2+ 31. Kh1 Bc3 32. Rb6 h6 33. Be3 Ba5 34.
Rb5 Bxd2 35. Bxd2 Nd4 36. Rb4 Nxb3 37. Bd5 1-0

[Event "FIDE Grand Swiss Tournament 2019"]
[Site "Douglas ENG"]
[Date "2019.10.12"]
[Round "3"]
[White "Moiseenko, Alexander"]
[Black "Alekseenko, Kirill"]
[Result "0-1"]
[WhiteElo "2635"]
[BlackElo "2674"]
[PlyCount "70"]
[EventDate "2019.10.10"]

1. d4 Nf6 2. c4 e6 3. Nf3 d5 4. Nc3 Be7 5. Bf4 O-O 6. e3 c5 7. dxc5 Bxc5 8.
cxd5 Nxd5 9. Nxd5 exd5 10. Bd3 Bb4+ 11. Nd2 d4 12. e4 Na6 13. O-O Nc5 14. Nb3
Qf6 15. Bg3 Nxd3 16. Qxd3 Rd8 17. Rfd1 Bg4 18. f3 Be6 19. Qb5 a5 20. Rac1 d3
21. Be5 Qh6 22. Qb6 d2 23. Rc7 Ra6 24. Qf2 Bxb3 25. axb3 Rc6 26. Rxc6 Qxc6 27.
Kh1 Qc2 28. Qe2 Qxb3 29. h3 h6 30. f4 Rd3 31. Kh2 f6 32. Bc3 Bxc3 33. Qxd3 Qxd1
34. bxc3 Qe1 35. Qc4+ Kh7 0-1

[Event "FIDE Grand Swiss Tournament 2019"]
[Site "Douglas ENG"]
[Date "2019.10.14"]
[Round "5"]
[White "Bluebaum, Matthias"]
[Black "Alekseenko, Kirill"]
[Result "1/2-1/2"]
[WhiteElo "2643"]
[BlackElo "2674"]
[PlyCount "80"]
[EventDate "2019.10.10"]

1. d4 Nf6 2. c4 e6 3. Nc3 Bb4 4. e3 O-O 5. Bd2 d5 6. Nf3 b6 7. cxd5 exd5 8. Rc1
Be7 9. Bd3 c5 10. Ne5 Bb7 11. O-O Nc6 12. Be1 Bd6 13. f4 cxd4 14. Nxc6 Bxc6 15.
exd4 Qd7 16. Qc2 Bb4 17. Ne2 Ba4 18. Qc7 Qxc7 19. Rxc7 Bd6 20. Rc1 Rfe8 21. Nc3
Bc6 22. Bd2 Rac8 23. f5 Bb7 24. Bf4 Bxf4 25. Rxf4 Ne4 26. Bxe4 dxe4 27. Re1
Rcd8 28. Rd1 e3 29. Re1 Kf8 30. Rh4 h6 31. f6 gxf6 32. Rxh6 f5 33. Rh4 Kg7 34.
Nd1 Re4 35. Rxe4 Bxe4 36. Nxe3 f4 37. Nd1 Rxd4 38. Nc3 Bc6 39. Rf1 b5 40. a3 b4
1/2-1/2

[Event "FIDE Grand Swiss Tournament 2019"]
[Site "Douglas ENG"]
[Date "2019.10.15"]
[Round "6"]
[White "Alekseenko, Kirill"]
[Black "Akopian, Vladimir"]
[Result "1-0"]
[WhiteElo "2674"]
[BlackElo "2638"]
[PlyCount "81"]
[EventDate "2019.10.10"]

1. e4 e5 2. Nf3 Nc6 3. Bc4 Bc5 4. O-O Nf6 5. d3 h6 6. c3 d6 7. b4 Bb6 8. a4 a5
9. b5 Ne7 10. Nbd2 O-O 11. Bb3 Ng6 12. Re1 Bg4 13. h3 Bh5 14. Nf1 Nh4 15. N1h2
Nxf3+ 16. Nxf3 Qd7 17. Be3 Bxe3 18. Rxe3 Bxf3 19. Qxf3 c6 20. Bc4 d5 21. bxc6
bxc6 22. exd5 cxd5 23. Bb5 Qc7 24. Qg3 Qxc3 25. Qxe5 Qxe5 26. Rxe5 Rfc8 27.
Rae1 Rc7 28. g4 g5 29. f4 gxf4 30. Rf1 Rd8 31. Rxf4 Nh7 32. Rff5 Rc2 33. Re7
Rf8 34. Be8 Kh8 35. h4 Rg8 36. Rfxf7 Rxg4+ 37. Kf1 Rxh4 38. Rxh7+ Kg8 39. Rhg7+
Kh8 40. Kg1 Rb4 41. Rg2 1-0

[Event "European Team Championship 2019"]
[Site "Batumi GEO"]
[Date "2019.10.24"]
[Round "1"]
[White "Andreikin, Dmitry"]
[Black "Andersen, Mads"]
[Result "1-0"]
[WhiteElo "2741"]
[BlackElo "2601"]
[PlyCount "99"]
[EventDate "2019.10.24"]
[WhiteTeam "Russia"]
[BlackTeam "Denmark"]

1. e4 c5 2. Nc3 d6 3. Nge2 Nf6 4. d4 cxd4 5. Nxd4 a6 6. g3 Bd7 7. Bg2 Nc6 8.
O-O e6 9. b3 Rc8 10. Nce2 b5 11. Bb2 Be7 12. Re1 O-O 13. Nxc6 Bxc6 14. Nd4 Ba8
15. Qe2 Qb6 16. c3 d5 17. exd5 Bxd5 18. Bxd5 Nxd5 19. c4 bxc4 20. bxc4 Nf6 21.
Rab1 Qc7 22. Rbc1 Nd7 23. Nb3 a5 24. c5 a4 25. Qg4 Bf6 26. Bxf6 Nxf6 27. Qxa4
Ra8 28. Qc4 Rxa2 29. Nd4 Rb2 30. Re2 Rxe2 31. Nxe2 Nd5 32. Nd4 Rc8 33. Nb5 Qe7
34. c6 Qb4 35. Qd3 g6 36. c7 Kg7 37. Qe2 Kg8 38. h4 h5 39. Rc6 Kf8 40. Qe5 Ke7
41. Na7 Qb1+ 42. Kh2 Rxc7 43. Rxc7+ Nxc7 44. Qxc7+ Kf8 45. Nc6 Qc2 46. Qd8+ Kg7
47. Qd4+ Kg8 48. Ne5 Qc7 49. Nd7 Qc2 50. Qc5 1-0

[Event "European Team Championship 2019"]
[Site "Batumi GEO"]
[Date "2019.10.24"]
[Round "1"]
[White "Hansen, Sune Berg"]
[Black "Alekseenko, Kirill"]
[Result "1-0"]
[WhiteElo "2573"]
[BlackElo "2674"]
[PlyCount "71"]
[EventDate "2019.10.24"]
[WhiteTeam "Denmark"]
[BlackTeam "Russia"]

1. d4 Nf6 2. c4 e6 3. g3 d5 4. Bg2 Bb4+ 5. Bd2 Be7 6. Nf3 O-O 7. O-O Nbd7 8.
Bf4 c6 9. Nc3 dxc4 10. e4 b5 11. d5 cxd5 12. exd5 exd5 13. Nxd5 Nxd5 14. Qxd5
Nb6 15. Qxb5 Bb7 16. Rfe1 Bf6 17. Rad1 Qc8 18. Be5 Bc6 19. Qa5 Bxe5 20. Qxe5
Qb7 21. Nh4 Bxg2 22. Nxg2 Na4 23. Rd2 Qb4 24. Ree2 Rab8 25. Nf4 Rb5 26. Nd5 Qa5
27. Qd6 Rb7 28. Ne7+ Rxe7 29. Rxe7 c3 30. bxc3 Nxc3 31. Re5 Nb5 32. Qd7 a6 33.
Re8 g6 34. Qd8 Qa3 35. Rxf8+ Qxf8 36. Qf6 1-0

[Event "European Team Championship 2019"]
[Site "Batumi GEO"]
[Date "2019.10.24"]
[Round "1"]
[White "Matlakov, Maxim"]
[Black "Thybo, Jesper Sondergaard"]
[Result "0-1"]
[WhiteElo "2716"]
[BlackElo "2550"]
[PlyCount "94"]
[EventDate "2019.10.24"]
[WhiteTeam "Russia"]
[BlackTeam "Denmark"]

1. c4 Nf6 2. Nc3 e6 3. e4 c5 4. e5 Ng8 5. Nf3 Nc6 6. d4 cxd4 7. Nxd4 Nxe5 8.
Ndb5 a6 9. Nd6+ Bxd6 10. Qxd6 f6 11. Be3 Ne7 12. Bb6 Nf5 13. Qb4 Nc6 14. Qc5 d6
15. Bxd8 dxc5 16. Bb6 Ne5 17. Bxc5 g5 18. Be2 h5 19. O-O-O Bd7 20. Rhe1 Bc6 21.
Bf1 Kf7 22. b4 Rhc8 23. Kb2 a5 24. a3 Be8 25. h3 Rc6 26. g4 hxg4 27. Rxe5 fxe5
28. hxg4 axb4 29. axb4 Nd4 30. Bxd4 exd4 31. Rxd4 Ke7 32. Bg2 Rc7 33. Ne4 Bc6
34. Kb3 Rf8 35. b5 Bxe4 36. Bxe4 Rxf2 37. b6 Rc8 38. Rd3 Rf4 39. Re3 Kd6 40.
Kb4 Rxg4 41. Kb5 Rc5+ 42. Kb4 Rc8 43. Kb5 Rg1 44. Rb3 Rc1 45. Rd3+ Ke5 46. Bxb7
Rb1+ 47. Ka6 Rxc4 0-1

[Event "European Team Championship 2019"]
[Site "Batumi GEO"]
[Date "2019.10.24"]
[Round "1"]
[White "Duda, Jan-Krzysztof"]
[Black "Kovalev, Vladislav"]
[Result "1-0"]
[WhiteElo "2734"]
[BlackElo "2661"]
[PlyCount "99"]
[EventDate "2019.10.24"]
[WhiteTeam "Poland"]
[BlackTeam "Belarus"]

1. e4 e5 2. Nf3 Nc6 3. Bb5 a6 4. Ba4 Nf6 5. O-O Be7 6. Re1 b5 7. Bb3 d6 8. c3
O-O 9. h3 Nb8 10. d4 Nbd7 11. Nbd2 c5 12. Nf1 Re8 13. Ng3 Bf8 14. Ng5 c4 15.
Bc2 h6 16. Nf3 Bb7 17. Bd2 Qc7 18. d5 g6 19. b4 a5 20. a4 Ba6 21. Ra3 bxa4 22.
Qc1 axb4 23. cxb4 Qb7 24. Bxh6 Qxb4 25. Rxa4 Qb6 26. Nh4 Reb8 27. Ngf5 Qb2 28.
Qe3 Qb6 29. Qg5 Nh7 30. Qg3 Kh8 31. Nxg6+ fxg6 32. Qxg6 Bxh6 33. Qxh6 Rg8 34.
Rb1 Qc7 35. Nxd6 Nc5 36. Ra3 Raf8 37. Rxa6 Nxa6 38. Rb7 Rf6 39. Qh4 Rf4 40. Qh5
Rg5 41. Qe8+ Rf8 42. Qxf8+ Nxf8 43. Rxc7 Nxc7 44. Nf7+ Kg7 45. Nxg5 Nb5 46. Kf1
Nd4 47. Ba4 Kf6 48. h4 Ke7 49. Ke1 c3 50. Kd1 1-0

[Event "European Team Championship 2019"]
[Site "Batumi GEO"]
[Date "2019.10.24"]
[Round "1"]
[White "Indjic, Aleksandar"]
[Black "Mamedyarov, Shakhriyar"]
[Result "1/2-1/2"]
[WhiteElo "2638"]
[BlackElo "2767"]
[PlyCount "86"]
[EventDate "2019.10.24"]
[WhiteTeam "Serbia"]
[BlackTeam "Azerbaijan"]

1. Nf3 Nf6 2. c4 g6 3. Nc3 d5 4. cxd5 Nxd5 5. Qb3 Nb6 6. d4 Bg7 7. e4 O-O 8.
Be3 a5 9. Be2 a4 10. Qc2 f5 11. Rd1 fxe4 12. Ng5 Na6 13. a3 c6 14. h4 Nd5 15.
h5 h6 16. Ngxe4 Nxe3 17. fxe3 Nc7 18. g4 Nd5 19. Nxd5 cxd5 20. Nc3 g5 21. Nxd5
Bxg4 22. Qe4 e6 23. Ne7+ Qxe7 24. Bxg4 Kh8 25. Rf1 Qc7 26. Rxf8+ Rxf8 27. Be2
Qc6 28. Bd3 Qxe4 29. Bxe4 g4 30. Ke2 g3 31. Rf1 e5 32. Rxf8+ Bxf8 33. Bxb7 exd4
34. exd4 Bg7 35. Kd3 Kg8 36. Bg2 Kf8 37. Kc4 Ke7 38. d5 Bxb2 39. Kb4 Kd6 40.
Kxa4 Kc5 41. Kb3 Be5 42. Kc2 Kc4 43. Kd2 Bd6 1/2-1/2

[Event "European Team Championship 2019"]
[Site "Batumi GEO"]
[Date "2019.10.24"]
[Round "1"]
[White "Naiditsch, Arkadij"]
[Black "Sedlak, Nikola"]
[Result "1-0"]
[WhiteElo "2643"]
[BlackElo "2557"]
[PlyCount "135"]
[EventDate "2019.10.24"]
[WhiteTeam "Azerbaijan"]
[BlackTeam "Serbia"]

1. Nf3 d5 2. g3 Nc6 3. d4 Bf5 4. Bg2 Nb4 5. Na3 e6 6. O-O h6 7. c3 Nc6 8. Qa4
Bxa3 9. Qxa3 Be4 10. Qb3 Rb8 11. a4 Nf6 12. Qa3 Ne7 13. Bf4 Ng6 14. Be3 Qd6 15.
Rfc1 O-O 16. c4 dxc4 17. Rxc4 Nd5 18. Bd2 Qa6 19. b3 b5 20. axb5 Qxb5 21. Be1
Nb6 22. Rc5 Qd7 23. Rd1 Bd5 24. Qxa7 Bxb3 25. Rdc1 Nd5 26. Qa3 Rfc8 27. Ra5 Nf6
28. Ne5 Nxe5 29. dxe5 Nd5 30. Ra7 Qb5 31. Bf1 Bc4 32. Ra5 Qb3 33. Qc5 Nb6 34.
Raa1 Qb5 35. Ra5 Qb3 36. Ra7 Bd5 37. Qe7 Re8 38. Qxc7 Rf8 39. Qc3 Qxc3 40. Rxc3
Rfc8 41. f3 Rxc3 42. Bxc3 Ra8 43. Rxa8+ Bxa8 44. Bd4 Nd7 45. g4 h5 46. gxh5 Kh7
47. Bh3 Bd5 48. Kf2 f5 49. exf6 Nxf6 50. e4 Bb3 51. Ke3 Nxh5 52. Bf1 Kg6 53.
Be5 Kf7 54. h4 Nf6 55. Kd4 Nd7 56. Bd6 Bd1 57. f4 Bg4 58. Bc4 Kg6 59. Be7 Kf7
60. Bg5 Kg6 61. Bb5 e5+ 62. fxe5 Nf8 63. Be8+ Kh7 64. Kd5 Kg8 65. Kd6 Ne6 66.
Bg6 Nd4 67. Be3 Nb5+ 68. Ke7 1-0

[Event "European Team Championship 2019"]
[Site "Batumi GEO"]
[Date "2019.10.24"]
[Round "1"]
[White "Zajic, Milan"]
[Black "Mamedov, Rauf"]
[Result "0-1"]
[WhiteElo "2477"]
[BlackElo "2645"]
[PlyCount "58"]
[EventDate "2019.10.24"]
[WhiteTeam "Serbia"]
[BlackTeam "Azerbaijan"]

1. d4 Nf6 2. Nf3 g6 3. c4 Bg7 4. Nc3 O-O 5. Bf4 d6 6. e3 Nc6 7. Be2 Nd7 8. h3
e5 9. Bh2 f5 10. O-O g5 11. dxe5 dxe5 12. Rc1 e4 13. Nd4 Nde5 14. c5 Kh8 15.
Qb3 Nxd4 16. exd4 Nc6 17. d5 Nd4 18. Qd1 f4 19. Bc4 g4 20. Re1 gxh3 21. Nxe4
hxg2 22. Rc3 Qh4 23. f3 Bh3 24. Qd2 Rae8 25. Rd3 Nc2 26. Rc1 Ne3 27. Rxe3 fxe3
28. Qxe3 Rxe4 29. fxe4 Qg5 0-1

[Event "European Team Championship 2019"]
[Site "Batumi GEO"]
[Date "2019.10.24"]
[Round "1"]
[White "Kulaots, Kaido"]
[Black "Navara, David"]
[Result "1/2-1/2"]
[WhiteElo "2542"]
[BlackElo "2717"]
[PlyCount "74"]
[EventDate "2019.10.24"]
[WhiteTeam "Estonia"]
[BlackTeam "Czech Republic"]

1. e4 c5 2. Nf3 d6 3. d4 cxd4 4. Nxd4 Nf6 5. Nc3 a6 6. h3 e6 7. g4 h6 8. Bg2
Be7 9. Be3 Nc6 10. f4 Nd7 11. Nf3 b5 12. Ne2 Bb7 13. Ng3 Rc8 14. O-O O-O 15.
Qd2 Qc7 16. Rac1 Qa5 17. c3 b4 18. f5 Nce5 19. Nxe5 Nxe5 20. cxb4 Qxa2 21. Bxh6
Rxc1 22. Rxc1 gxh6 23. Qxh6 Qxb2 24. Rc7 Bf6 25. fxe6 Bg7 26. Qg5 Qd4+ 27. Kh1
Qd1+ 28. Kh2 Nf3+ 29. Bxf3 Qxf3 30. Rxb7 Qf2+ 31. Kh1 Qxg3 32. exf7+ Rxf7 33.
Rb8+ Rf8 34. Qd5+ Kh7 35. Qh5+ Kg8 36. Qd5+ Kh8 37. Qh5+ Kg8 1/2-1/2

[Event "European Team Championship 2019"]
[Site "Batumi GEO"]
[Date "2019.10.25"]
[Round "2"]
[White "Navara, David"]
[Black "Duda, Jan-Krzysztof"]
[Result "1/2-1/2"]
[WhiteElo "2717"]
[BlackElo "2734"]
[PlyCount "82"]
[EventDate "2019.10.24"]
[WhiteTeam "Czech Republic"]
[BlackTeam "Poland"]

1. e4 c5 2. Nf3 Nc6 3. Nc3 g6 4. d4 cxd4 5. Nxd4 Bg7 6. Be3 Nf6 7. Bc4 Qa5 8.
O-O O-O 9. Bb3 d6 10. h3 Bd7 11. Qd2 Nxd4 12. Qxd4 Ng4 13. Qd5 Qxd5 14. Nxd5
Nxe3 15. Nxe7+ Kh8 16. fxe3 Rae8 17. Nd5 Bxb2 18. Rab1 Ba3 19. Nf6 Re7 20. Nxd7
Rxd7 21. Bd5 b6 22. Kf2 Re7 23. Ke2 Kg7 24. g4 Re5 25. h4 h5 26. g5 Re7 27. Rf6
Rc8 28. Rb3 Rxc2+ 29. Kd3 Rxa2 30. Rb1 Rh2 31. Rbf1 Bb2 32. Rxf7+ Rxf7 33.
Rxf7+ Kh8 34. Rxa7 Rxh4 35. Ra8+ Kh7 36. Ra7+ Bg7 37. Ra8 Be5 38. Ra7+ Kh8 39.
Ra8+ Kg7 40. Ra7+ Kf8 41. Ra8+ Kg7 1/2-1/2

[Event "European Team Championship 2019"]
[Site "Batumi GEO"]
[Date "2019.10.25"]
[Round "2"]
[White "Wojtaszek, Radoslaw"]
[Black "Laznicka, Viktor"]
[Result "1-0"]
[WhiteElo "2748"]
[BlackElo "2667"]
[PlyCount "79"]
[EventDate "2019.10.24"]
[WhiteTeam "Poland"]
[BlackTeam "Czech Republic"]

1. d4 d5 2. c4 dxc4 3. e4 Nf6 4. e5 Nd5 5. Bxc4 Bf5 6. Nf3 e6 7. Nc3 Nb6 8. Bd3
Bxd3 9. Qxd3 Be7 10. O-O Nc6 11. a3 Qd7 12. Rd1 Rd8 13. Qe4 h5 14. h3 Nd5 15.
Rd3 Kf8 16. Bd2 g6 17. Qe2 Kg7 18. Ne4 h4 19. Rd1 Rh5 20. Nfg5 Bxg5 21. Bxg5
Rxg5 22. Nxg5 Nf4 23. Qe4 Nxd3 24. Rxd3 Rh8 25. Rf3 Nd8 26. Rf6 Rh6 27. Qf4 Qe7
28. Nf3 c5 29. dxc5 Nc6 30. Qe3 Rh5 31. Rf4 Qd8 32. b4 a6 33. Kh2 Qc7 34. Re4
f6 35. Kg1 Nxe5 36. Nd4 Qd7 37. f4 Nc4 38. Qd3 Qd5 39. Nxe6+ Kf7 40. Nd8+ 1-0

[Event "European Team Championship 2019"]
[Site "Batumi GEO"]
[Date "2019.10.25"]
[Round "2"]
[White "Mamedyarov, Shakhriyar"]
[Black "Lagarde, Maxime"]
[Result "1/2-1/2"]
[WhiteElo "2767"]
[BlackElo "2657"]
[PlyCount "55"]
[EventDate "2019.10.24"]
[WhiteTeam "Azerbaijan"]
[BlackTeam "France"]

1. d4 f5 2. c4 Nf6 3. Nc3 d6 4. Nf3 g6 5. g3 Bg7 6. Bg2 O-O 7. O-O c6 8. Qb3
Na6 9. Bg5 Nc7 10. d5 c5 11. Rfe1 Rb8 12. e4 fxe4 13. Nxe4 b5 14. a4 Bf5 15.
Nxc5 bxa4 16. Qxa4 dxc5 17. Ne5 Rxb2 18. Qxa7 Ne6 19. Nc6 Nxg5 20. Nxd8 Ng4 21.
Nc6 Nxf2 22. Nxe7+ Kh8 23. Nxf5 Nfh3+ 24. Kh1 Nf2+ 25. Kg1 Nfh3+ 26. Kh1 Nf2+
27. Kg1 Nfh3+ 28. Kh1 1/2-1/2

[Event "European Team Championship 2019"]
[Site "Batumi GEO"]
[Date "2019.10.25"]
[Round "2"]
[White "Saric, Ivan"]
[Black "Aronian, Levon"]
[Result "0-1"]
[WhiteElo "2667"]
[BlackElo "2758"]
[PlyCount "142"]
[EventDate "2019.10.24"]
[WhiteTeam "Croatia"]
[BlackTeam "Armenia"]

1. e4 e5 2. Nf3 Nc6 3. Bc4 Nf6 4. d3 Bc5 5. O-O O-O 6. c3 d6 7. Re1 Ng4 8. Re2
Kh8 9. d4 Bb6 10. h3 Nf6 11. a4 a5 12. Be3 exd4 13. cxd4 Nb4 14. Nc3 Nxe4 15.
Nxe4 d5 16. Ned2 dxc4 17. Nxc4 Nd5 18. Nxb6 cxb6 19. Qd3 f6 20. Bd2 Bd7 21. Qa3
Bc6 22. Rae1 Qd7 23. Re6 Qf7 24. b3 Rfd8 25. Qb2 Rd7 26. Nh2 Ne7 27. Ng4 h5 28.
Nh2 Ng6 29. f3 Rad8 30. Nf1 Ne5 31. R6xe5 fxe5 32. dxe5 Rd3 33. e6 Qg6 34. e7
Re8 35. Re5 Bxf3 36. Bg5 Bc6 37. Ne3 Rd6 38. Nc4 Rd5 39. h4 Kg8 40. Ne3 Rxe5
41. Qxe5 Qb1+ 42. Kh2 Qxb3 43. Nf5 Qf7 44. Kg1 Qg6 45. Qf4 Kh7 46. Kh2 Qe6 47.
Ng3 Kg8 48. Qf2 g6 49. Ne2 Rxe7 50. Nf4 Rf7 51. Qxb6 Qd6 52. Kg3 Rf5 53. Qe3
Qe5 54. Qd2 Kf7 55. Kh3 Bd5 56. Kh2 Ke8 57. Kg1 Qd6 58. Qxa5 Bc6 59. Qe1+ Kd7
60. Qe3 Qc5 61. Qxc5 Rxc5 62. Nxg6 Bxa4 63. Nf4 Bd1 64. Nd3 Rd5 65. Nf2 Ke6 66.
Ne4 Kf5 67. Ng3+ Ke5 68. Kf2 b5 69. Be7 Ke6 70. Bf8 Rd8 71. Ba3 Rd2+ 0-1